[Event "Smolensk Alekhine op-A"]
[Site "Smolensk"]
[Date "1992.??.??"]
[Round "8"]
[White "Kalegin, Evgenij"]
[Black "Berelovich, Mikhail"]
[Result "1/2-1/2"]
[WhiteElo "2370"]
[BlackElo "2285"]
[PlyCount "114"]
[EventDate "1992.??.??"]
[EventType "swiss"]
[EventRounds "9"]
[EventCountry "RUS"]
[SourceTitle "EXT 1997"]
[Source "ChessBase"]
[SourceDate "1996.11.15"]
[SourceVersion "1"]
[SourceVersionDate "1996.11.15"]
[SourceQuality "1"]

1. e4 d6 2. d4 Nf6 3. Nc3 g6 4. Bc4 Bg7 5. Qe2 c6 6. e5 dxe5 7. dxe5 Nd5 8. Bd2 Nd7 9. Bxd5 cxd5 10. Nf3 d4 11. Ne4 0-0 12. e6 fxe6 13. 0-0 Nb6 14. Nc5 Qd5 15. Nd3 Bd7 16. b3 Rac8 17. Rac1 Qf5 18. Rfe1 Bb5 19. Qxe6+ Qxe6 20. Rxe6 Nd5 21. Nb4 Nxb4 22. Bxb4 Rfe8 23. Rxe7 Rxe7 24. Bxe7 Bd3 25. Ne1 Bf5 26. Bg5 Kf7 27. Bd2 Bf8 28. a4 Ba3 29. Ra1 Bb2 30. Rb1 Bc3 31. Rd1 d3 32. cxd3 Bxd2 33. Rxd2 Rc3 34. f3 Rxb3 35. Kf2 Ra3 36. Rc2 Rxa4 37. Rc7+ Kf6 38. Rxb7 h5 39. h4 Ra2+ 40. Ke3 a5 41. Rc7 a4 42. Nc2 Rb2 43. Kd2 Rb3 44. Rc3 Ke5 45. g3 Rb2 46. Rc6 Rb3 47. f4+ Kd5 48. Rc3 Rxc3 49. Kxc3 Kc5 50. Ne3 Kb5 51. d4 Be6 52. Nc2 Kc6 53. Nb4+ Kd6 54. Kb2 Bf5 55. Kc3 Be6 56. Kb2 Bf5 57. Kc3 Be6 1/2-1/2

[Event "Smolensk Alekhine op-A"]
[Site "Smolensk"]
[Date "1992.??.??"]
[Round "1"]
[White "Karpatchev, Aleksandr"]
[Black "Berelovich, Mikhail"]
[Result "1-0"]
[WhiteElo "2410"]
[BlackElo "2285"]
[PlyCount "99"]
[EventDate "1992.??.??"]
[EventType "swiss"]
[EventRounds "9"]
[EventCountry "RUS"]
[SourceTitle "EXT 1997"]
[Source "ChessBase"]
[SourceDate "1996.11.15"]
[SourceVersion "1"]
[SourceVersionDate "1996.11.15"]
[SourceQuality "1"]

1. e4 d6 2. d4 Nf6 3. Nc3 g6 4. Bg5 Bg7 5. e5 dxe5 6. dxe5 Ng4 7. Qxd8+ Kxd8 8. Rd1+ Bd7 9. e6 fxe6 10. Nf3 Ne5 11. Nxe5 Bxe5 12. Bc4 Ke8 13. 0-0 Nc6 14. Rfe1 Rd8 15. Bh6 a6 16. h4 b5 17. Bb3 Bxc3 18. bxc3 Na5 19. Bg7 Rg8 20. Be5 Nxb3 21. cxb3 c5 22. Bc7 Rc8 23. Ba5 Rc6 24. Re5 Rf8 25. g3 Rd6 26. Rde1 Rf5 27. R5e2 Rd3 28. Re3 Rfd5 29. g4 Kf7 30. Kg2 Rxe3 31. Rxe3 Bc6 32. Kg3 h6 33. c4 bxc4 34. bxc4 Rd4 35. Rc3 h5 36. gxh5 gxh5 37. Bb6 Rg4+ 38. Kh3 Bg2+ 39. Kh2 Bf1 40. Bxc5 Rxh4+ 41. Kg1 Bxc4 42. a3 Bd5 43. f3 e5 44. Bb4 e6 45. Bd6 Kf6 46. Rc8 Rf4 47. Rf8+ Kg5 48. Rg8+ Kh4 49. Kh2 Rf7 50. Bb4 1-0